Prefacio a la democracia económica
Salvato in:
| Autore principale: | |
|---|---|
| Natura: | Libro |
| Lingua: | spagnolo |
| Pubblicazione: |
Buenos Aires
GEL
1990
|
| Serie: | Estudios Políticos y Sociales
|
| Soggetti: | |
| Tags: |
Aggiungi Tag
Nessun Tag, puoi essere il primo ad aggiungerne!!
|
MARC
| LEADER | 00000nam a2200000 a 4500 | ||
|---|---|---|---|
| 001 | UCV2892 | ||
| 003 | CL-VaPUC | ||
| 008 | 921217e19900000AG |||||||||||||||||spa|d | ||
| 082 | 0 | 4 | |a 338.6 |b DAH |2 21 |
| 100 | 0 | |a Dahl, Robert Alan |e author |9 297198 | |
| 245 | 1 | 0 | |a Prefacio a la democracia económica |
| 300 | |a 170 p | ||
| 942 | |c BK | ||
| 945 | |d 19921217 00:00:00 | ||
| 260 | |a Buenos Aires |b GEL |c 1990 | ||
| 650 | 0 | |a Democracia |9 255256 | |
| 650 | 0 | |a Libertad |9 255686 | |
| 650 | 0 | |a Igualdad |9 258477 | |
| 650 | 0 | |a Empleados |9 256785 | |
| 650 | 7 | |a PARTICIPACION EN LA ADMINISTRACION DE EMPRESAS |2 CL-VaPUC |9 258478 | |
| 651 | 0 | |a Estados Unidos |9 255178 | |
| 583 | |a last modification |c 19921217 00:00:00 |k Rodrigo Vera | ||
| 490 | 0 | |a Estudios Políticos y Sociales | |
| 999 | |c 210349 |d 210347 | ||
| 952 | |0 0 |1 0 |4 0 |6 338_600000000000000_DAH_1990 |7 0 |8 A |9 186496 |a BIBDER |b BIBDER |d 2019-11-14 |i 2539888 |o 338.6 DAH 1990 |p 2539888 |r 2023-01-25 |w 2019-11-14 |y BK |k DER | ||
| 952 | |0 0 |1 0 |4 0 |6 338_600000000000000_DAH_1990 |7 0 |8 A |9 186497 |a BIBENE |b BIBENE |d 2019-11-14 |i 2539896 |o 338.6 DAH 1990 |p 2539896 |r 2025-01-15 |w 2019-11-14 |y BK |k ICO | ||